Central Library OPAC University of Rajshahi

Conformal representation / (Record no. 6446)

MARC details
000 -LEADER
fixed length control field 00929cam a22002891 4500
001 - CONTROL NUMBER
control field 6446
003 - CONTROL NUMBER IDENTIFIER
rucl marc code BD-RjUL
005 - DATE AND TIME OF LATEST TRANSACTION
control field 20211208234238.0
008 - FIXED-LENGTH DATA ELEMENTS--GENERAL INFORMATION
fixed length control field 14 r19581952enka 000 0 eng
035 ## - SYSTEM CONTROL NUMBER
System control number (BD-RjUL)6487
System control number (OCoLC)1071327
040 ## - CATALOGING SOURCE
Original cataloging agency DLC
Transcribing agency OYU
Modifying agency OCoLC
-- Uk
-- DLC
-- BD-RjUL
Language of cataloging eng
041 ## - LANGUAGE CODE
Language code of text/sound track or separate title eng
082 00 - DEWEY DECIMAL CLASSIFICATION NUMBER
Classification number 515.9
Edition number 23
Author mark and year CAC 1958
100 1# - MAIN ENTRY--PERSONAL NAME
Personal name Carathéodory, Constantin,
Dates associated with a name 1873-1950.
9 (RLIN) 20295
245 10 - TITLE STATEMENT
Title Conformal representation /
Statement of responsibility, etc. by C. Caratheodory.
250 ## - EDITION STATEMENT
Edition statement 2d ed.
260 ## - PUBLICATION, DISTRIBUTION, ETC. (IMPRINT)
Place of publication, distribution, etc. Cambridge [Eng.]
Name of publisher, distributor, etc. University Press,
Date of publication, distribution, etc. 1952 [reprinted 1958].
300 ## - PHYSICAL DESCRIPTION
Pagination 115 p. :
Illustrations illus. ;
Size 22 cm.
504 ## - BIBLIOGRAPHY, ETC. NOTE
Bibliography, etc Includes bibliography.
650 #0 - SUBJECT ADDED ENTRY--TOPICAL TERM
Topical term or geographic name as entry element Functions.
9 (RLIN) 20297
Topical term or geographic name as entry element Geometry, Non-Euclidean.
9 (RLIN) 20298
Topical term or geographic name as entry element Surfaces, Representation of.
9 (RLIN) 20299
942 ## - ADDED ENTRY ELEMENTS (KOHA)
Source of classification or shelving scheme Dewey Decimal Classification
Koha item type Books
Holdings
Lost status Source of classification or shelving scheme Damaged status Not for loan Collection code Permanent Location Current Location Shelving location Date acquired Source of acquisition Total Checkouts Full call number Date last seen Copy number Koha item type Cost, normal purchase price
  Dewey Decimal Classification     Non-fiction Central Library, University of Rajshahi Central Library, University of Rajshahi   30/05/1961 U.K Galernaul   515.9 CAC 1958 11/01/2014 C-3 Books  
  Dewey Decimal Classification     Non-fiction Central Library, University of Rajshahi Central Library, University of Rajshahi   20/10/1962 Zeitlinger   515.9 CAC 1958 31/08/2016 C-2 Books 15.00